=LDR 00000nam 2200000 4500 =001 NUTBA000000000001318 =005 20140421180255.0 =006 =007 =008 =035 ##$$a 0010-041400000000588 =082 ##$$a 372.7 =100 ##$$a drajat $t mtematika yang kumau vol. 4 =245 ##$$a matematika yang kumau vol. 4 =260 ##$$a Jakarta $b tinta emas $c 2008 =300 ##$$a 126 hlm $b ilus $c 25 cm =850 ##$$a NBPBMAT =990 ##$$a 94633/BPAP-NTB/2014